<?xml version="1.0" encoding="UTF-8"?>
<record
    xmlns:xsi="http://www.w3.org/2001/XMLSchema-instance"
    xsi:schemaLocation="http://www.loc.gov/MARC21/slim http://www.loc.gov/standards/marcxml/schema/MARC21slim.xsd"
    xmlns="http://www.loc.gov/MARC21/slim">

  <leader>00778nam a22002177a 4500</leader>
  <controlfield tag="005">20240530110337.0</controlfield>
  <controlfield tag="008">141021s2005    ua     fr     000 0 ara d</controlfield>
  <datafield tag="017" ind1=" " ind2=" ">
    <subfield code="a">17756/2005</subfield>
  </datafield>
  <datafield tag="020" ind1=" " ind2=" ">
    <subfield code="a">9772709422</subfield>
  </datafield>
  <datafield tag="040" ind1=" " ind2=" ">
    <subfield code="a">EG-CaGPL</subfield>
  </datafield>
  <datafield tag="082" ind1="0" ind2="4">
    <subfield code="2">21</subfield>
    <subfield code="a">929.97\</subfield>
    <subfield code="b">&#x642;/&#x639; &#x63A;</subfield>
  </datafield>
  <datafield tag="100" ind1="0" ind2=" ">
    <subfield code="a">&#x639;&#x628;&#x627;&#x633; &#x627;&#x644;&#x637;&#x631;&#x627;&#x628;&#x64A;&#x644;&#x649;</subfield>
  </datafield>
  <datafield tag="245" ind1="1" ind2=" ">
    <subfield code="a">&#x63A;&#x631;&#x627;&#x626;&#x628; &#x627;&#x644;&#x627;&#x633;&#x645;&#x627;&#x621; &#x627;&#x644;&#x645;&#x635;&#x631;&#x64A;&#x629; &#x648;&#x627;&#x644;&#x639;&#x631;&#x628;&#x64A;&#x629; /</subfield>
    <subfield code="c">&#x639;&#x628;&#x627;&#x633; &#x627;&#x644;&#x637;&#x631;&#x627;&#x628;&#x64A;&#x644;&#x649;</subfield>
  </datafield>
  <datafield tag="260" ind1=" " ind2=" ">
    <subfield code="a">&#x627;&#x644;&#x642;&#x627;&#x647;&#x631;&#x629; :</subfield>
    <subfield code="b">&#x627;&#x644;&#x62F;&#x627;&#x631; &#x627;&#x644;&#x645;&#x635;&#x631;&#x64A;&#x629; &#x627;&#x644;&#x644;&#x628;&#x646;&#x627;&#x646;&#x64A;&#x629; &#x60C;</subfield>
    <subfield code="c">2005</subfield>
  </datafield>
  <datafield tag="300" ind1=" " ind2=" ">
    <subfield code="a">267 &#x635; &#x61B; </subfield>
    <subfield code="c">24 &#x633;&#x645;</subfield>
  </datafield>
  <datafield tag="650" ind1="0" ind2="4">
    <subfield code="a">&#x627;&#x633;&#x645;&#x627;&#x621; &#x627;&#x644;&#x627;&#x634;&#x62E;&#x627;&#x635;</subfield>
  </datafield>
  <datafield tag="650" ind1="0" ind2="4">
    <subfield code="a">&#x627;&#x644;&#x631;&#x62A;&#x628; &#x648;&#x627;&#x644;&#x627;&#x644;&#x642;&#x627;&#x628;</subfield>
  </datafield>
  <datafield tag="650" ind1="0" ind2="4">
    <subfield code="a">&#x627;&#x633;&#x645;&#x627;&#x621; &#x627;&#x644;&#x627;&#x634;&#x62E;&#x627;&#x635;</subfield>
    <subfield code="x">&#x645;&#x639;&#x627;&#x646;&#x649;</subfield>
    <subfield code="z">&#x645;&#x635;&#x631;</subfield>
  </datafield>
  <datafield tag="942" ind1=" " ind2=" ">
    <subfield code="2">ddc</subfield>
    <subfield code="c">BK</subfield>
  </datafield>
  <datafield tag="999" ind1=" " ind2=" ">
    <subfield code="c">59809</subfield>
    <subfield code="d">59809</subfield>
  </datafield>
  <datafield tag="952" ind1=" " ind2=" ">
    <subfield code="0">0</subfield>
    <subfield code="1">0</subfield>
    <subfield code="4">0</subfield>
    <subfield code="7">0</subfield>
    <subfield code="a">CAI</subfield>
    <subfield code="b">CAI</subfield>
    <subfield code="d">2014-10-21</subfield>
    <subfield code="l">0</subfield>
    <subfield code="o">929.97 &#x642; / &#x639; &#x63A;</subfield>
    <subfield code="p">158762</subfield>
    <subfield code="r">2014-10-21 00:00:00</subfield>
    <subfield code="w">2014-10-21</subfield>
    <subfield code="y">BK</subfield>
  </datafield>
</record>
